000 00796nam a22001817a 4500
003 BD-DhUL
005 20160907180847.0
008 160907s1996 ii ||||| |||| 000 0 ben d
040 _aBD-DhUL
_cBD-DhUL
082 _a954.0317
_bCHS
100 1 _aচৌধুরী, ড. শশিভূষণ
245 1 0 _aসিপাহী বিদ্রোহ ও গণবিপ্লবের সংক্ষিপ্ত ইতিহাস ( ১৮৫৭-৫৯) /
_cড. শশিভূষণ চৌধুরী
260 _aকলকাতা :
_bপ্রগ্রেসিভ,
_c১৯৯৬.
300 _a xii , ২০৭ পৃ. ;
_c২২ সে. মি.
650 0 _aসিপাহি বিদ্রোহ- ইতিহাস
650 0 _aHistory of the Sepoy bidroha
942 _2ddc
_cBK
999 _c104725
_d104725